000 00899nas a2200301 4500
001 BR2014004521
003 BR-BrBNA
005 20231205124255.0
007 ta
008 230509b bl.|||p| |||| 00| 00por d
040 _aBR-BrBNA
_bpor
_cBiblioteca Nacional de Agricultura
041 _a(En)
072 _aL01; L10
100 1 _aArboitte, M.Z.
100 1 _aBrondani, I.L.
100 1 _aRestle, J.
100 1 _aFreitas, L. da S.
100 1 _aPereira, L.B.
100 1 _aCardoso, G. dos S.
245 1 _aCarcass characteristics of small and medium-frame Aberdeen Angus young steers
650 _aGADO DE CORTE
650 _aCONFINAMENTO
650 _aCARCAÇA
650 _aBIOTIPO
773 0 _tActa Scientiarum. Animal Sciences (Brazil)
_xISSN 1806-2636
_g(Jan-Mar 2012), v. 34(1) p. 49-56
_wBR2014004521
909 _a202311
_bLúcia
_c55
_dLúcia Elande
942 _2AGRIS
_n0
_cANA
999 _c238234
_d238234